Historical Figures whose Names starts with G - Statistics

General Stats
  • This quiz has been taken 35 times
    25 since last reset
  • The average score is 11 of 20
Answer Stats
Picture Hint Answer % Correct
first president of the United States George Washington
100%
Italian astronomer Galileo Galilei
96%
founder of the Mongol Empire Genghis Khan
96%
author of 1984 George Orwell
91%
Russian mystic and self-proclaimed holy man Grigori Rasputin
87%
U.S. president and Nixon's vice president Gerald Ford
74%
Beatles member George Harrison
65%
Chiricahua Apache leader Geronimo
65%
Italian fashion designer Giorgio Armani
61%
4th prime minister of Israel Golda Meir
57%
author of 100 Years of Solitude Gabriel García Márquez
48%
unit for electrical resistance Georg Ohm
48%
Italian general and patriot who played a vital role in the unification of Italy Giuseppe Garibaldi
48%
founder of the modern science of genetics Gregor Mendel
48%
French engineer Gustave Eiffel
48%
pen name of Victorian novelist George Eliot
26%
German idealist philosopher Georg W.F. Hegel
22%
famous Italian adventurer Giacomo Casanova
22%
German polymath and co-inventor of calculus Gottfried W. Leibniz
22%
dimanche d'été à la grande jatte Georges-Pierre Seurat
13%
No matching quizzes found
Score Distribution
Percent of People with Each Score
Percentile by Number Answered
Your Score History
You have not taken this quiz since the last reset